000 00457nam a22001577a 4500
003 OSt
005 20221006152258.0
008 221006b |||||||| |||| 00| 0 eng d
040 _cBiblioteca Lado V
082 _a750
_bC397t
110 _986
_aCentro Cultural de EspaƱa en Guatemala
_eautor
245 _aTrans/
260 _aCiudad de Guatemala
_bEl Librovisor
_c2008
300 _a30p.
_c16.5x20cm
942 _2ddc
_c1
_h750
_iC397t
_n0
999 _c2195
_d2195